| 000 | 01522nam a2200349 i 4500 | ||
|---|---|---|---|
| 001 | 991061720861106706 | ||
| 003 | ES-BaIT | ||
| 005 | 20260226125942.0 | ||
| 008 | 260226e202501 fr r 000 d fre c | ||
| 020 | _a9782749816777 | ||
| 040 |
_aES-BaIT _bcat _erda _cES-BaIT |
||
| 080 | _a840-2"19" | ||
| 100 | 1 |
_aGely, Cyril, _d1968- _eautor _9168731 |
|
| 245 | 1 | 3 |
_aLe Prix : _btoute médaille a son revers / _cCyril Gely |
| 264 | 1 |
_aParis : _bL'avant-scène théâtre, _cjanvier 2025 |
|
| 300 |
_a68 pàgines ; _c21 cm |
||
| 336 |
_atext _btxt _2rdacontent |
||
| 337 |
_asense mediació _bn _2rdamedia |
||
| 338 |
_avolum _bnc _2rdacarrier |
||
| 490 | 1 |
_aL'Avant-scène théâtre ; _vno 1570 |
|
| 500 | _aP4: D2, H2 | ||
| 500 | _aPublicat com no 1570 (janvier 2025) de la revista L'Avant-scène théâtre | ||
| 500 | _aEstrena Théâtre Hébertot, el 22 de gener de 2025 | ||
| 520 | _a"Le 10 de décembre 1946, au Grand Hôtel de Stockholm, Otto Hahn attend de recevoir le prix Nobel de chimie. Peu avant l'heure, il est rejoint dans sa suite par Lise Meitner, son ancienne collaboratrice, avec laquelle il a travaillé plus de trente ans. Mais Lise ne vient pas le féliciter. Elle vient régler ses comptes"-- Contracoberta | ||
| 600 | 1 | 0 |
_aHahn, Otto _vTextos dramàtics _9168732 |
| 600 | 1 | 0 |
_aMeitner, Lisa _vTextos dramàtics _9168733 |
| 650 | 0 |
_aPremis Nobel _vTextos dramàtics _9168734 |
|
| 830 |
_aAvant-scène. _pThéâtre _vno 1570 _9168170 |
||
| 908 | _aCDMAE | ||
| 940 | _aCDMAE | ||
| 942 |
_2udc _c1 |
||
| 999 |
_c137158 _d137158 |
||